000
00311nam a2200133Ia 4500
005
20251222144638.0
008
251222s9999||||xx |||||||||||||| ||spa||
020
_a
978-612-4114-01-4
082
_a
869.57/E82
100
_a
Eslava, Jorge
245
0
_a
Las Marcas:
264
_b
Borrador Editores
942
_c
LIB
999
_c
16558
_d
16558